|
|
|
|
| LEADER |
00000nab a2200000 ar4500 |
| 001 |
vtls010062945 |
| 003 |
SK-MaSNL |
| 005 |
20260305015129.0 |
| 008 |
100209c2010 xo wr|p|||||||000 b|slo |
| 038 |
|
|
|a PPPK
|
| 040 |
|
|
|a PPPKCL
|b slo
|c PPPKCL
|e AACR2
|
| 041 |
0 |
|
|a slo
|
| 044 |
|
|
|a xo
|c SK
|
| 080 |
|
|
|a 726.54:7.025.4
|2 2001
|
| 245 |
0 |
0 |
|a V Kostole sv. Jakuba monitorujú aj vlhkosť
|c [text a foto] (mna)
|
| 300 |
|
|
|b Fotogr.
|
| 610 |
1 |
7 |
|a Pamiatkový ústav (Bratislava, Slovensko).
|b Reštaurátorský ateliér (Levoča, Slovensko)
|2 pppkcl
|9 1578364
|
| 610 |
2 |
7 |
|a Kostol sv. Jakuba (Levoča, Slovensko)
|2 pppkcl
|9 32652
|
| 650 |
0 |
7 |
|a reštaurátorstvo
|2 pppkcl
|9 18959
|
| 650 |
0 |
7 |
|a kostoly
|2 pppkcl
|9 3023
|
| 650 |
0 |
7 |
|a ochrana kultúrnych pamiatok
|2 pppkcl
|9 2861
|
| 651 |
|
7 |
|a Levoča (Slovensko)
|2 pppkcl
|9 26696
|
| 773 |
0 |
|
|t Podtatranské noviny
|g Roč. LI, č. 6 (2010), s. 1 a 3
|
| 852 |
|
|
|a PPPK
|b KIS3GCP
|
| 999 |
|
|
|c 3273213
|d 3275143
|